000 00409nam a2200169Ia 4500
001 25375
003 IN-NITTTR
005 20251114233322.0
008 251113s9999||||xx |||||||||||||| ||eng||
040 _beng
040 _cIN-NITTTR
041 _aeng
082 _a510.0246 E33
100 _aVenkatasubramanian, N. K.
245 0 _aEngineering mathematics. /
_cVenkatasubramanian, N. K.
942 _2ddc
_cBK
999 _c28004
_d28004